[Event "Plovdiv Radulski Memorial 3rd"]
[Site "Plovdiv"]
[Date "2017.10.29"]
[Round "1"]
[White "Rahnev, Alexandr"]
[Black "Vasileva, Tsveta"]
[Result "1-0"]
[WhiteElo "2138"]
[BlackElo "1564"]
[PlyCount "57"]
[EventDate "2017.10.29"]
[EventType "swiss (rapid)"]
[EventRounds "9"]
[EventCountry "BUL"]
[SourceTitle "CBM 181 Extra"]
[Source "ChessBase"]
[SourceDate "2017.12.12"]
[SourceVersion "1"]
[SourceVersionDate "2017.12.12"]
[SourceQuality "1"]

1. d4 g6 2. g3 d5 3. Bg2 Bg7 4. Nf3 Nf6 5. 0-0 0-0 6. c3 c6 7. h3 Bf5 8. Nh4 Be6 9. Nd2 Nbd7 10. Nhf3 Ne8 11. Ng5 Nc7 12. Nxe6 Nxe6 13. e4 dxe4 14. Nxe4 Rc8 15. Re1 Re8 16. f4 Nf6 17. Qb3 Nxe4 18. Bxe4 Rc7 19. Be3 b6 20. Rad1 Qc8 21. Bg2 Nf8 22. Bf2 e6 23. Kh2 Nd7 24. Re2 Nf6 25. Rde1 Rce7 26. Qa4 b5 27. Qa3 Bf8 28. Qb3 Qa6 29. a4 1-0

[Event "Primorsko Dyuni op 1st"]
[Site "Primorsko"]
[Date "2016.05.23"]
[Round "6"]
[White "Simeonov, Svetoslav"]
[Black "Vasileva, Tsveta"]
[Result "1-0"]
[WhiteElo "1787"]
[BlackElo "1573"]
[PlyCount "61"]
[EventDate "2016.05.21"]
[EventType "swiss"]
[EventRounds "7"]
[EventCountry "BUL"]
[SourceTitle "CBM 172 Extra"]
[Source "ChessBase"]
[SourceDate "2016.06.21"]
[SourceVersion "1"]
[SourceVersionDate "2016.06.21"]
[SourceQuality "1"]

1. c4 e6 2. Nf3 d5 3. e3 Nf6 4. Nc3 c6 5. b3 Be7 6. Be2 0-0 7. 0-0 Nbd7 8. Bb2 e5 9. d3 Bd6 10. Qc2 Re8 11. Nd2 Qc7 12. g3 a5 13. Rac1 Nb6 14. d4 Bh3 15. Rfe1 exd4 16. exd4 dxc4 17. bxc4 Bb4 18. a3 Bf8 19. Nce4 Nxe4 20. Nxe4 h6 21. Bd3 f5 22. Nd2 Qd7 23. Nf3 Rxe1+ 24. Rxe1 Rd8 25. Qb3 Nc8 26. c5+ Kh8 27. Ne5 Qc7 28. Qf7 Ne7 29. Ng6+ Kh7 30. Nxe7 b6 31. Qg8# 1-0

[Event "Primorsko Dyuni op 1st"]
[Site "Primorsko"]
[Date "2016.05.21"]
[Round "2"]
[White "Stoyanov, Stoyan"]
[Black "Vasileva, Tsveta"]
[Result "1-0"]
[WhiteElo "1914"]
[BlackElo "1573"]
[PlyCount "75"]
[EventDate "2016.05.21"]
[EventType "swiss"]
[EventRounds "7"]
[EventCountry "BUL"]
[SourceTitle "CBM 172 Extra"]
[Source "ChessBase"]
[SourceDate "2016.06.21"]
[SourceVersion "1"]
[SourceVersionDate "2016.06.21"]
[SourceQuality "1"]

1. e4 e5 2. Nf3 Nc6 3. Bb5 Nf6 4. 0-0 d6 5. d4 Bd7 6. d5 Ne7 7. Bxd7+ Qxd7 8. Qd3 g6 9. c4 Bg7 10. Nc3 0-0 11. Bg5 Nh5 12. g3 a6 13. b4 Rae8 14. c5 Qh3 15. Bxe7 Rxe7 16. Ne2 f5 17. Ng5 fxe4 18. Nxe4 Nf6 19. f3 Qf5 20. Qc4 Ne8 21. Rab1 Kh8 22. b5 dxc5 23. bxa6 bxa6 24. Rb8 Ref7 25. N2c3 Qh5 26. d6 cxd6 27. Rxe8 Rxf3 28. Rxf8+ Bxf8 29. Qe2 Rxf1+ 30. Qxf1 Qf5 31. Qxa6 Qf3 32. Qf1 Qe3+ 33. Qf2 Qc1+ 34. Kg2 Kg8 35. Nf6+ Kg7 36. Ncd5 Qg5 37. Qb2 Kf7 38. Qb7+ 1-0